000 00567nam a2200181Ia 4500
005 20250508153804.0
008 008 250505s9999 xx 000 0 hin d
037 _aTextual
040 _aFEDL
_beng
_cFEDL
041 _ahin
_2eng
084 _a371.4, HIN
_qFEDL
245 0 _aGyarhawa Akhil Bharat talim summelan Kanchipuram (Madras) 1956. Part 1
260 _aWardha, India
_bHindustani Talim Sangh
_c1956
300 _a144p.
650 _aEducational - Guidance and Counseling
_9756302
942 _cTEXL
_h371.4, HIN
999 _c1345510
_d1345510